Vedoucí a rozhodovací proces v obchodních systémech /

Saved in:
Bibliographic Details
Main Author: Pichanič, Mikuláš (Author)
Format: Book
Language:Czech
Published: Praha : Merkur, 1983
Tags: Add Tag
No Tags, Be the first to tag this record!

MARC

LEADER 00000nam a22000003a 4500
001 stu40455
005 20150617225722.8
008 930505s1983----cs------------------cze-d
040 |a STU  |b slo 
041 0 |a cze 
044 |a cs 
100 1 |a Pichanič, Mikuláš  |4 aut 
245 1 |a Vedoucí a rozhodovací proces v obchodních systémech /  |c [aut.]Mikuláš Pichanič 
260 |a Praha :  |b Merkur,  |c 1983 
300 |a 151 s 
996 |b 284M014797  |c M*6494-1  |l MMKN  |s A  |a 24  |w stu40455_0001